Ίων

Saved in:
Bibliographic Details
Main Author: Ευριπίδης, 480-406
Other Authors: Βλασσοπούλου, Δέσποινα (trlf)
Format: Book
Language:Greek
Ancient Greek
Published: Αθήνα : Κάκτος, 1992.
Series:Έλληνες ; 58
Subjects:
Tags: Add Tag
No Tags, Be the first to tag this record!

MARC

LEADER 00000cam a2200000 i 4500
001 1/42636
008 971218s1992 gr | ||| |||| ||gre||
035 |a 1997  |c ΔΩΡΕΑ  |l 10041816 
040 |a GR-MyUA  |b gre  |e AACR2 
041 1 |a gre  |a grc 
082 0 |a 882.13 
100 0 |a Ευριπίδης,   |d 480-406. 
245 1 0 |a Ίων /   |c Ευριπίδης ; μετάφραση Τάσος Ρούσσος ; εισαγωγή-σημειώσεις Δέσποινα Βλασσοπούλου.  
260 |a Αθήνα :   |b Κάκτος,   |c 1992.  
300 |a 181 σ. ;   |c 21 εκ.  
490 1 |a (Οι Έλληνες   |v ; 58)  
500 |a Το αντίτυπο της Ρόδου είναι δεμένο με: Ηρακλής / Ευριπίδης. - Ικέτιδες / Ευριπίδης. - Κρήτες / Ευριπίδης. - Υψιπύλη / Ευριπίδης 
600 0 7 |2 nlgaf  |a Ευριπίδης,   |d 480-406. 
650 0 0 |a Greek drama (Tragedy) 
700 1 |a Βλασσοπούλου, Δέσποινα,  |e trlf 
830 0 |a Έλληνες ;  |v  58 
852 |a INST  |b LESVOS  |e 19991220  |h 882.13 ΕΥΡ  |p 005100022361  |q 005100022361  |t BK  |y 0 
852 |a INST  |b RHODES  |c KRI  |e 20051020  |h  882.13 ΕΥΡ  |p 005400022033  |q 005400022033  |t BK  |y 0 
852 |a INST  |b SAMOS  |e 19971218  |h 882.13 ΕΥΡ  |p 005300011968  |q 005300011968  |t BK  |y 0 
901 |a BIBL-1997-2 
901 |a BIBL4-2005-3 
909 |a Σ  |b 051154 
909 |a Λ  |b 072246 
909 |a Ρ  |b 122054 
922 |a 1ΕΛΗ  |b 199912  |c ΤΑΚ/ΚΥΒ  |d ΠΑΠΑΣΩΤΗΡΙΟΥ 
950 |a 023-1999-12-06 
970 |a ΚΟΖΑ  |b ΜΑΡΙΑ  |z 2005/10/20